| 000 | 00781nam a2200229Ia 4500 | ||
|---|---|---|---|
| 001 | 9962 | ||
| 003 | GE_BSU | ||
| 008 | 181216s||||||||xx |||||||||||||| ||und|| | ||
| 040 | _cGE_BSU | ||
| 080 | _a821.353.1–32 | ||
| 100 | _aნინოშვილი,ეგნატე | ||
| 245 | _aგოგია უიშვილი. | ||
| 245 | _bმოთხრობა.მცირემცოდნეთათვის | ||
| 245 | _cრედ.კ.ჭანტურიშვილი | ||
| 260 | _aტფილისი | ||
| 260 | _bსახელგამი | ||
| 260 | _c1936 | ||
| 300 | _a30გვ.22სმ. | ||
| 653 | _aგოგია უიშვილი. | ||
| 653 | _aმოთხრობა.მცირემცოდნეთათვის | ||
| 942 | _cBK | ||
| 999 |
_c43235 _d43235 |
||